Gracie Abrams TSOU Tour Setlist (NORTH AMERICAN LEG) - Statistics

General Stats
  • This quiz has been taken 48 times
  • The average score is 17 of 21
Answer Stats
Hint Answer % Correct
5 I Love You, I'm Sorry
97%
22 Close To You
94%
2 Risk
94%
3 Blowing Smoke
88%
20 Free Now
88%
1 Felt Good About You
85%
15 Normal Thing
82%
16 Feels Like
79%
7 Gave You I Gave You I
79%
19 I miss you, I'm sorry
79%
17 Let It Happen
79%
21 us.
79%
6 Where Do We Go Now?
79%
4 21
76%
13 I Know It Won't Work
76%
18 Tough Love
76%
12 I Knew It, I Know You
74%
11 Good Luck Charlie
71%
14 Friend
68%
9 Full Machine
56%
8 Mess It Up
56%
No matching quizzes found
Score Distribution
Percent of People with Each Score
Percentile by Number Answered
Your Score History
You have not taken this quiz